[Event "NOR-ch Class2"]
[Site "Lillehammer"]
[Date "2013.06.29"]
[Round "5"]
[White "Wendelborg, Morten"]
[Black "Vage, Edvard"]
[Result "1-0"]
[WhiteElo "1564"]
[BlackElo "1566"]
[PlyCount "35"]
[EventDate "2013.06.29"]
[EventType "swiss"]
[EventRounds "9"]
[EventCountry "NOR"]
[SourceTitle "EXT 2017"]
[Source "ChessBase"]
[SourceDate "2016.10.25"]
[SourceVersion "1"]
[SourceVersionDate "2016.10.25"]
[SourceQuality "1"]

1. e4 e6 2. d4 d5 3. exd5 exd5 4. Bd3 Bd6 5. Nf3 Bg4 6. 0-0 Nc6 7. c3 Qd7 8. Be3 Nge7 9. Nbd2 f5 10. Nb3 0-0-0 11. Be2 f4 12. Bd2 Rhg8 13. Re1 g5 14. Ne5 Bxe2 15. Qxe2 Bxe5 16. dxe5 Ng6 17. Nc5 f3 18. Qb5 1-0